| 000 | 01124nam a2200289Ia 4500 | ||
|---|---|---|---|
| 003 | OSt | ||
| 005 | 20221005105524.0 | ||
| 006 | a|||||r|||| 00| 0 | ||
| 007 | ta | ||
| 008 | 221004b |||||||| |||| 00| 0 hin d | ||
| 020 |
_a9788126725595 (pbk) _cINR 150.00 |
||
| 024 | _a35360 | ||
| 037 |
_b1419, 13/09/2017, Bright Book Service _cTextual |
||
| 040 |
_aCRL _cCRL _bhin |
||
| 041 |
_2hin _ahin |
||
| 082 | _aO152,3:g, Q4 | ||
| 100 | _aमिश्र, अल्पना, संपा. | ||
| 245 | 0 | _aसहोदर कहानियॉं रिश्तों की | |
| 246 | _aSahodar kahāniyaॉan rishtoan kī | ||
| 260 |
_aनई दिल्ली _bराजकमल पेपरबैक्स भारत _c2014 |
||
| 300 |
_a167पृ0 _ccm. |
||
| 490 | _aरिश्तों के रंग अनेक | ||
| 650 | _a हिन्दी साहित्य | ||
| 650 | _aहिन्दी कहानी | ||
| 942 |
_hO152,3:g, Q4 _cTEXL _2cc |
||
| 999 |
_c1016070 _d1016070 |
||